000 01549cam a2200433 i 4500
999 _c128908
_d128908
001 18343043
003 ARRUPE
005 20190318155343.0
008 141022s2014 enka b 000 0 eng d
010 _a 2014469482
015 _aGBB429937
_2bnb
016 7 _a016650844
_2Uk
020 _a9781853398322 (pbk.)
020 _a1853398322 (pbk.)
020 _a1853398314 (hbk.)
020 _a9781853398315 (hbk.)
020 _z9781780448312 (Library Ebook)
035 _a(OCoLC)ocn872987628
040 _aUKMGB
_beng
_cUKMGB
_erda
_dOCLCO
_dYDXCP
_dOCLCO
_dOCLCF
_dNYP
_dDLC
042 _alccopycat
050 0 0 _aHN49.C6
_bT724 2014
082 0 4 _a307.14
_223
245 0 0 _aTraining for transformation in practice /
_cedited by Anne E. Hope and Sally J. Timmel.
260 _aUnited Kingdom
_bPractical Action Publishing
_c2014
300 _avii, 166 pages :
_billustrations, portraits ;
_c30 cm
504 _aIncludes bibliographical references.
530 _aAlso available on the E-Library
650 0 _aCommunity development.
_98596
650 0 _aCommunity development
_vCase studies.
_944408
650 0 _aSocial change
_vCase studies.
_944409
650 0 _aIntercultural communication.
_925249
700 1 _aHope, Anne,
_eeditor of compilation.
_944404
700 1 _aTimmel, Sally,
_eeditor of compilation.
_944407
856 _uhttp://192.168.1.17/librarian
906 _a7
_bcbc
_ccopycat
_d1
_encip
_f20
_gy-gencatlg
942 _2lcc
_cMONOGRAPH